000 00203nam a2200097Ia 4500
008 170619s9999 xx 000 0 und d
100 _aRao
245 0 _aAuto CAD 14
260 _bNew Delhi: TMH
260 _c1999
546 _aENGLISH
999 _c16892
_d16892